000 01122cam a2200265 4500
001 ABS65087
008 020228n2002 000 0 eng u
035 _a(Sirsi) u116914
100 _aMartin, J.
245 _aValuation techniques and building costs
260 _c2002
490 _aCSM
_bChartered Surveyor Monthly
_vFebruary 2002, 28-29(2)
520 _aConsiders various valuation and appraisal techniques which are based on building costs including depreciated replacement costs, development appraisal, residual site valuations, contractor's basis of valuation for rating purposes and reinstatement cost assessment. Concludes with a summary of the range of information available on BCIS on line. http://www.bcis.co.uk
590 _aABS
650 _aBCIS
650 _aVALUATION TECHNIQUES
650 _aDEPRECIATED REPLACEMENT COST
650 _aDEVELOPMENT APPRAISAL
650 _aRESIDUAL SITE VALUATIONS
650 _aCONTRACTORS BASIS
650 _aREINSTATEMENT COST ASSESSMENT
650 _aBUILT ENVIRONMENT-BUILDING COSTS
690 _aBUILT ENVIRONMENT-BUILDING COSTS
942 _n0
999 _c69646
_d69646